000 00979pam a2200325 i 4500
999 _c781
_d781
001 017093509
003 Uk
005 20191209150503.0
008 150119s2015 enk 000 1 eng d
015 _aGBB527952
_2bnb
016 7 _a017093509
_2Uk
020 _a9780008129521 (paperback) :
040 _aStDuBDS
_beng
_cStDuBDS
_dUk
_erda
042 _aukblcatcopy
082 _aFIC CHR
100 1 _aChristie, Agatha,
_d1890-1976,
_eauthor.
245 1 0 _aPeril at End House /
_cAgatha Christie.
264 1 _aLondon :
_bHarper,
_c2015.
300 _a239 pages ;
_c20 cm.
336 _atext
_2rdacontent
337 _aunmediated
_2rdamedia
338 _avolume
_2rdacarrier
490 0 _aPoirot
500 _aOriginally published: London: Collins, 1932.
500 _aFormerly CIP.
_5Uk
600 1 0 _aPoirot, Hercule
_c(Fictitious character)
_vFiction.
650 0 _aPrivate investigators
_zBelgium
_vFiction.
655 0 _aDetective and mystery stories.
942 _2ddc
_cFIC